The reaction center of photosynthetic bacteria : (Record no. 12229)

MARC details
000 -LEADER
fixed length control field 01278cam a2200313 i 4500
001 - CONTROL NUMBER
control field 2578858
003 - CONTROL NUMBER IDENTIFIER
control field EG-ScBUE
005 - DATE AND TIME OF LATEST TRANSACTION
control field 20260330094126.0
008 - FIXED-LENGTH DATA ELEMENTS--GENERAL INFORMATION
fixed length control field 960401t1996 gw a f b 101 0 eng
020 ## - INTERNATIONAL STANDARD BOOK NUMBER
International Standard Book Number 3540610758 (Berlin : acidfree paper)
020 ## - INTERNATIONAL STANDARD BOOK NUMBER
International Standard Book Number 9783540610755
040 ## - CATALOGING SOURCE
Original cataloging agency EG-ScBUE
Language of cataloging eng
Description conventions rda
Transcribing agency EG-ScBUE
Modifying agency EG-ScBUE
082 04 - DEWEY DECIMAL CLASSIFICATION NUMBER
Classification number 589.9013342
Item number REA
Edition number 22
245 04 - TITLE STATEMENT
Title The reaction center of photosynthetic bacteria :
Remainder of title Structure and dynamics /
Statement of responsibility, etc M.-E. Michel-Beyerle, editor.
264 #1 - PUBLICATION, DISTRIBUTION, ETC. (IMPRINT)
Place of publication, distribution, etc Berlin :
Name of publisher, distributor, etc Springer,
Date of publication, distribution, etc [1996]
264 #4 - PUBLICATION, DISTRIBUTION, ETC. (IMPRINT)
Date of publication, distribution, etc c1996
300 ## - PHYSICAL DESCRIPTION
Extent ix, 426 pages :
Other physical details illustrations ;
Dimensions 24 cm
336 ## - CONTENT TYPE
Source rdacontent
Content type term text
Content type code txt
337 ## - MEDIA TYPE
Media type term unmediated
Source rdamedia
Media type code n
338 ## - CARRIER TYPE
Carrier type term volume
Carrier type code nc
Source rdacarrier
500 ## - GENERAL NOTE
General note "Proceedings of the workshop on The Reaction Center of Photosynthetic Bacteria: Structure and Dynamics, held from March 1-4, 1995, in Feldafing, Bavaria (Germany)"--P. preceding t.p.
500 ## - GENERAL NOTE
General note With 167 figures.
504 ## - BIBLIOGRAPHY, ETC. NOTE
Bibliography, etc Includes bibliographical references and indexes.
650 #7 - SUBJECT ADDED ENTRY--TOPICAL TERM
Topical term or geographic name as entry element Photosynthetic reaction centers
General subdivision Congresses.
9 (RLIN) 7672
Source of heading or term BUEsh
650 #7 - SUBJECT ADDED ENTRY--TOPICAL TERM
Topical term or geographic name as entry element Photosynthetic bacteria
General subdivision Congresses.
9 (RLIN) 7673
Source of heading or term BUEsh
655 ## - INDEX TERM--GENRE/FORM
Form subdivision Reading book
700 1# - ADDED ENTRY--PERSONAL NAME
Personal name Michel-Beyerle, M. E.
Fuller form of name (Maria Elisabeth),
9 (RLIN) 7674
Relator term editor.
942 ## - ADDED ENTRY ELEMENTS (KOHA)
Source of classification or shelving scheme Dewey Decimal Classification
Koha item type Book - Borrowing
Holdings
Withdrawn status Lost status Source of classification or shelving scheme Damaged status Not for loan Collection code Home library Current library Shelving location Date acquired Source of acquisition Cost, normal purchase price Serial Enumeration / chronology Total Checkouts Total Renewals Full call number Barcode Date last seen Date checked out Price effective from Koha item type
    Dewey Decimal Classification     Alahram Central Library Central Library First floor 07/07/2009   439.00 72 1 14 589.9013342 REA 000017438 15/07/2025 16/11/2022 07/07/2009 Book - Borrowing